000 01460cam a22003737i 4500
001 18180830
003 OSt
005 20240530110620.0
008 140606s2014 ua ab b 001 0 eng d
020 _a9789774166167 (hbk.)
020 _a9774166167 (hbk.)
035 _a(OCoLC)ocn876558090
040 _cEG-CaGPL
041 1 _aeng
_hfre
082 0 4 _221
_a709.32
_bCC/C L
100 1 _aCailliaud, Frédéric,
_d1787-1869,
_eauthor.
245 1 4 _aThe lost manuscript of Frédéric Cailliaud :
_barts and crafts of the ancient Egyptians, Nubians, and Ethiopians /
_ctranslated and edited by Andrew Bednarski ; with contributions by Philippe Mainterot.
246 3 0 _aArts and crafts of the ancient Egyptians, Nubians, and Ethiopians
264 1 _aCairo ;
_aNew York :
_bThe American University in Cairo Press,
_c2014.
300 _axx, 295 pages :
_billustrations (chiefly color), map ;
_c29 cm
336 _atext
_btxt
_2rdacontent
337 _aunmediated
_bn
_2rdamedia
338 _avolume
_bnc
_2rdacarrier
500 _aTranslated from the French.
504 _aIncludes bibliographical references (pages 280-288) and index.
650 0 _aArt, Egyptian.
650 0 _aArt, Ancient
_zEgypt.
650 0 _aArt, Ethiopian.
651 0 _aEgypt
_xAntiquities.
651 0 _aNubia
_xAntiquities.
700 1 _aBednarski, Andrew,
_eeditor,
_etranslator.
700 1 _aMainterot, Philippe,
_ewriter of supplementary textual content.
942 _2ddc
_cBK
999 _c63037
_d63037